Organizacja życia kulturalnego w Gdańsku w roku 1945
| Titel: | Organizacja życia kulturalnego w Gdańsku w roku 1945 |
|---|---|
| Verfasser: | |
| In: |
Uniwersytet Gdański. Wydział Humanistyczny: Zeszyty naukowe Wydziału Humanistycznego. Historia, Band 18 (1986), Seite 61-77 alle Artikel anzeigen |
| Veröffentlicht: | 1986 [1988] |
| Format: | Aufsatz |
| Sprache: | Polnisch |
X
alg: 39193541 001A $01999:11-11-16 001B $01999:29-03-21 $t21:47:09.000 001C $06050:19-11-16 $t09:21:02.000 001D $01999:11-11-16 001U $0utf8 001X $00 002@ $0Aox 003@ $0391935410 007A $0391935410 $aHEB 007T $0Herd21756 010@ $apol 011@ $a1986 $n1986 [1988] 021A $aOrganizacja życia kulturalnego w Gdańsku w roku 1945 028A $aSzkotnicki $dKazimierz 031A $d18 $h61-77 $j1986 037A $aruss. Res., 76-77; engl. Res., 76: The organization of cultural life in Gdańsk in 1945 039B $aIn $8--Abvc--Uniwersytet Gdański$bWydział Humanistyczny [Tb1]. Zeszyty naukowe Wydziału Humanistycznego. Historia. - Gdańsk, 1971-. - ISSN 0137-5814 $x198600000180000939 $9048036641 045F $a900.943820904 $eDDC23BSB 045F/01 $a900 045F/03 $f0904 045F/03 $g4382 045F/03 $g43832 045T $a7,41 $a8 lok: 39193541 78 exp: 39193541 78 1 #EPN 201B/01 $026-11-17 $t23:15:49.000 201U/01 $0utf8 203@/01 $0788031244 208@/01 $a11-11-16 $be 209A/01 $a/ $f000 $x00 220C/01 $aTitelaufnehmer: kl 244Z/01 $2Trx $#Prusy Wschodnie i Zachodnie $8--Trx--Ost- und Westpreußen $x01 $939113373X 244Z/01 $#Danzig $#Ville Libre de Danzig $#Dantzig $#Ville Libre de Dantzig $#Freistaat Danzig $#Gdańsk $#Freie Stadt Danzig $#Urząd Miejski w Gdańsku $#Gyddanzyc $#Gedanum $#Dantiscum $74011039-4 $8--Tg1--Danzig $x02 $9085022225 244Z/01 $aGeschichte 1945 $x03 244Z/01 $2Trx $#kultuur üldine $#kultūra bendras $#culture $#kultúra általános $#kultura ogólnie $#kultúra všeobecne $#kultura všeobecná $8--Trx--Kultur$gallgemein $x04 $9391375490 244Z/01 $2Trx $#ühendused ja ühingud $#susivienijimai $#clubs and associations $#klubok és egyesületek $#stowarzyszenia $#spolky $#spolky $8--Trx--Vereinswesen $x05 $9391381385 244Z/01 $2Trx $8--Trx--Zeitschriftenaufsatz $x06 $9391384341 245Z/01 $a13.03 $x01 245Z/01 $a06.04.04 $x02 247C/01 $82080>Marburg/Lahn, Herder-Institut, Forschungsbibliothek, Bibliographieportal $9336309341
| LEADER | 00000caa a22000002c 4500 | ||
|---|---|---|---|
| 001 | 391935410 | ||
| 003 | DE-603 | ||
| 005 | 20210329214709.0 | ||
| 007 | tu | ||
| 008 | 161111s1986 xx |||| | u00||u|pol c | ||
| 035 | |a (DE-599)HEB391935410 | ||
| 040 | |a DE-603 |b ger |c DE-603 |d DE-603 | ||
| 041 | |a pol | ||
| 082 | 0 | 4 | |8 1\u |a 900.943820904 |q DE-101 |2 23/BSB |
| 084 | |a 7,41 |a 8 |2 ssgn | ||
| 085 | |8 1\u |b 900 | ||
| 085 | |8 1\u |z 1 |s 0904 | ||
| 085 | |8 1\u |z 2 |s 4382 | ||
| 085 | |8 1\u |z 2 |s 43832 | ||
| 100 | 1 | |a Szkotnicki, Kazimierz | |
| 245 | 0 | 0 | |a Organizacja życia kulturalnego w Gdańsku w roku 1945 |
| 264 | 0 | |c 1986 [1988] | |
| 500 | |a russ. Res., 76-77; engl. Res., 76: The organization of cultural life in Gdańsk in 1945 | ||
| 773 | 0 | 8 | |i In |a Uniwersytet Gdański. Wydział Humanistyczny |t Zeszyty naukowe Wydziału Humanistycznego. Historia |d Gdańsk, 1971- |x 0137-5814 |g Band 18 (1986), Seite 61-77 |w (DE-603)048036641 |w (DE-600)764542-9 |
| 924 | 0 | |9 2080 |a (DE-603)788031244 |b DE-2080 |c HES |d d |g / | |


